| Tag |
First Indicator |
Second Indicator |
Subfields |
| LEADER |
00000nam a2200000 4500 |
| 001 |
in00004224921 |
| 005 |
20200806100724.0 |
| 006 |
m g d |
| 007 |
cr bn |||a|bb| |
| 008 |
910906s1607 enk o 00| | lat d |
| 035 |
|
|
|a (UnM)99844701
|
| 037 |
|
|
|a CL0036000023
|b ProQuest. 789 E. Eisenhower Parkway, Ann Arbor, MI 48108-3218
|
| 040 |
|
|
|a Cu-RivES
|c Cu-RivES
|d CStRLIN
|e dcrb
|d WaOLN
|
| 100 |
1 |
|
|a Lydiat, Thomas,
|d 1572-1646.
|
| 245 |
0 |
0 |
|a Defensio tractatus de variis annorum formis :
|b præsertim antiquissimâ & optimâ contra Iosephi Scaligeri obtrectationem: vnà cum examine eius cnonum chronologiæ isagogicorum. Autore Thoma Lydyat.
|
| 246 |
2 |
|
|a Defensio tractatus de varijs annorum formis.
|
| 246 |
2 |
|
|a Defensio tractatus de variis annorum formis.
|
| 260 |
|
|
|a Londini :
|b Excudebat Felix Kyngston,
|c Anno Dom. 1607.
|
| 300 |
|
|
|a 1 online resource ([14], 229, [3] pages)
|
| 336 |
|
|
|a text
|b txt
|2 rdacontent
|
| 337 |
|
|
|a computer
|b c
|2 rdamedia
|
| 338 |
|
|
|a online resource
|b cr
|2 rdacarrier
|
| 500 |
|
|
|a The last leaf is blank.
|
| 500 |
|
|
|a Running title reads: Defensio tractatus de varijs annorum formis.
|
| 500 |
|
|
|a Reproduction of the original in the British Library.
|
| 510 |
4 |
|
|a STC (2nd edition)
|c 17040.
|
| 533 |
|
|
|a Electronic reproduction.
|b Ann Arbor, Mich. :
|c UMI,
|d 1999-
|f (Early English books online)
|n Digital version of: (Early English books, 1475-1640 ; 849:01)
|7 s1999 miun s
|
| 600 |
1 |
0 |
|a Scaliger, Joseph Juste,
|d 1540-1609.
|
| 650 |
|
0 |
|a Calendar
|x History
|v Early works to 1800.
|
| 830 |
|
0 |
|a Early English books online.
|
| 856 |
4 |
0 |
|u http://proxy.library.tamu.edu/login?url=https://search.proquest.com/docview/2240875635
|z Connect to the full text of this electronic book
|t 0
|
| 999 |
f |
f |
|s be69d6f5-cdf2-3ad0-bb5b-8a3acd427a27
|i 1b8659ae-3f8d-3fd1-9d34-297e4433779f
|t 0
|
| 952 |
f |
f |
|a Texas A&M University
|b College Station
|c Electronic Resources
|d Available Online
|t 0
|h No information provided
|
| 998 |
f |
f |
|t 0
|l Available Online
|